000 00980cab a2200193 4500
001 ##L132854
008 060314n2006 000 0 eng u
035 _a(Sirsi) u132854
041 0 _aeng
100 1 _aMcFall, Ian
245 0 0 _aOne of them got it right
260 _c2006
490 0 _aBuilding
_v271(8421) 10 March 2006, 62(1)
520 _aConsiders "Rothwell v Chemical and Insulating Co Ltd and another" ([2006] EWCA Civ 27, unreported), where two out of three CA judges ruled that claimants whose lungs had been damaged by exposure to asbestos were not entitled to compensation. Argues that the decision was based on public policy grounds, rather than legal considerations, and will encourage the insurance industry to continue to resist claims based upon employer's negligence.
590 _aIKA140306, KA
650 2 4 _aROTHWELL V CHEMICAL AND INSULATING CO LTD AND ANOTHER
690 _aMANAGEMENT-HEALTH AND SAFETY-HAZARDOUS SUBSTANCES-ASBESTOS
942 _n0
999 _c76666
_d76666